| 000 | 00570nam a2200169 i 4500 | ||
|---|---|---|---|
| 001 | 33686 | ||
| 003 | ES-MaACL | ||
| 005 | 20230906154813.0 | ||
| 007 | t| | ||
| 008 | 030203q1935 mx ||||1| spa d | ||
| 100 | 1 |
_aBishop, Morris. _929008 |
|
| 245 | 1 | 0 |
_aPascal _b: la vida del genio / _cMorris Bishop ; [traducción de Mariano de Alarcón]. |
| 260 |
_aMéxico : _bHermes, _c[1935?] ( _eBuenos Aires : _fCompañía Impresora Argentina) |
||
| 300 |
_a469 p., 1 lám. : _bil. ; _c22 cm. |
||
| 700 | 1 |
_aAlarcón, Mariano de. _919133 |
|
| 852 |
_aES-MaACL _jD-7709 _bR.29563 |
||
| 999 |
_c33686 _d33686 |
||